000 00939nam a2200253 i 4500
001 195806
003 ES-MaACL
005 20250312063229.0
008 240720s2005 sp ||||| |||| 00| 0 spa d
040 _cES-MaACL
110 _aMicrosoft Game Studios
_9237534
245 _aArt of Empires :
_bArtwork from the Acclaimed Series Age of Empires /
_c[Jeannie Voirin-Gerde, diseño y maquetación].
260 _aChina [impresión] :
_bMicrosoft,
_c2005.
300 _a207 pág. ;
_c27 cm
336 _2rdacontent
_aTexto
337 _2rdamedia
_asin mediación
338 _2rdacarrier
_avolumen
650 0 _9196120
_aJuegos-
_xProgramas de ordenador
852 _aES-MaACL
_bR.153524
_cDEPOJ
_hDonación: Editorial
_xEncuadernación: cartoné
_9204731
942 _cMONOGRAFIA
_n0
954 _iTatiana Alejandra de Castro Pérez
999 _c195806
_d195806